Canadian seafood buyers guide 2010.
| Format: | Book |
|---|---|
| Published: |
Victoria BC:
Contact Canada,
2010.
|
| LEADER | 00322cam a2200109 7i4500 | ||
|---|---|---|---|
| 001 | 0000025344 | ||
| 005 | 20101216090000.0 | ||
| 020 | 0 | 0 | |a 978-1-897488-24-9 |
| 245 | 0 | 0 | |a Canadian seafood buyers guide 2010. |
| 260 | 0 | 0 | |a Victoria BC: |b Contact Canada, |c 2010. |
| 300 | # | # | |a 84 p. |
| 999 | |a B000028110 |b Directories |c Countries |e Business Information Centre | ||


